000
00283nam a2200109Ia 4500
008
190906s9999||||xx |||||||||||||| ||und||
100
_a
Alvin Sandberg
245
0
_a
Evergreen With Readings A Guide to Writing
260
_a
USA
_b
Prentice Hall Inc.
_c
1996
300
_a
552
942
_c
BK
999
_c
6033
_d
6033